000
00241nam a22001097a 4500
999
_c
261031
_d
261030
020
_a
9781465408655
100
_a
Ruth Amos
245
_a
The Race For Chi
260
_a
United States
_b
Dorling Kindersley
_c
2013
300
_a
47
942
_c
BK